000 00342nam a2200145Ia 4500
005 20250322150012.0
008 240331s9999 xx 000 0 und d
082 _bROO
_a891
100 _aRooban,S
245 0 _aUraiyum Pani Pengal
260 _aChennai
_bKruppu pirathigal
_c2010
300 _a95 p .,
650 _aShort Stories
942 _cL
999 _c5833
_d5833